LIBRARY & INFORMATION CENTRE, KCAET, TAVANUR

ONLINE PUBLIC ACCESS CATALOGUE (OPAC)

Differential equations / (Record no. 3021)

MARC details
000 -LEADER
fixed length control field 00456cam a2200181ua 4500
041 ## - LANGUAGE CODE
Language code of text/sound track or separate title eng
082 ## - DEWEY DECIMAL CLASSIFICATION NUMBER
Classification number 515.35
Item number AGN/DI
100 ## - MAIN ENTRY--AUTHOR NAME
Personal name Agnew, Ralph Plamer .
245 ## - TITLE STATEMENT
Title Differential equations /
250 ## - EDITION STATEMENT
Edition statement 2 /
260 ## - PUBLICATION, DISTRIBUTION, ETC. (IMPRINT)
Place of publication New York :
Name of publisher McGraw Hill Book Company ,
Year of publication 1960.
300 ## - PHYSICAL DESCRIPTION
Number of Pages 485 ; .
942 ## - ADDED ENTRY ELEMENTS (KOHA)
Koha item type Books
Holdings
Withdrawn status Lost status Damaged status Home library Current library Date acquired Full call number Accession Number Koha item type
      KAUAET KAUAET 07/04/2012 515.35 5566 Books
free website counter